<?xml version="1.0" encoding="UTF-8"?>
<collection xmlns="http://www.loc.gov/MARC21/slim">
 <record>
  <leader>01304nam0a2200289   4500</leader>
  <controlfield tag="001">in00000004734</controlfield>
  <controlfield tag="005">20240321100104.3</controlfield>
  <datafield tag="010" ind1=" " ind2=" ">
   <subfield code="a">978-7-5217-2434-9</subfield>
   <subfield code="d">CNY69.00</subfield>
  </datafield>
  <datafield tag="035" ind1=" " ind2=" ">
   <subfield code="a">010395386</subfield>
  </datafield>
  <datafield tag="100" ind1=" " ind2=" ">
   <subfield code="a">20210419d2020    em y0chiy0110    ea</subfield>
  </datafield>
  <datafield tag="101" ind1="1" ind2=" ">
   <subfield code="a">chi</subfield>
   <subfield code="c">dut</subfield>
  </datafield>
  <datafield tag="102" ind1=" " ind2=" ">
   <subfield code="a">CN</subfield>
   <subfield code="b">110000</subfield>
  </datafield>
  <datafield tag="105" ind1=" " ind2=" ">
   <subfield code="a">y   z   000yy</subfield>
  </datafield>
  <datafield tag="106" ind1=" " ind2=" ">
   <subfield code="a">r</subfield>
  </datafield>
  <datafield tag="200" ind1="1" ind2=" ">
   <subfield code="a">重塑商业模式</subfield>
   <subfield code="9">chong su shang ye mo shi</subfield>
   <subfield code="e">企业如何应对颠覆性变革</subfield>
   <subfield code="d">Reinventing business models</subfield>
   <subfield code="e">how firms cope with disruption</subfield>
   <subfield code="f">(荷)汉克·沃尔伯达(Henk Volberda)，(荷)弗兰斯·范登博斯(Frans van den Bosch)，(荷)凯文·凯伊(Kevin Heij)著</subfield>
   <subfield code="g">钟心仪，王静，唐旭译</subfield>
   <subfield code="z">eng</subfield>
  </datafield>
  <datafield tag="210" ind1=" " ind2=" ">
   <subfield code="a">北京</subfield>
   <subfield code="c">中信出版集团股份有限公司</subfield>
   <subfield code="d">2020</subfield>
  </datafield>
  <datafield tag="215" ind1=" " ind2=" ">
   <subfield code="a">292页</subfield>
   <subfield code="d">23cm</subfield>
  </datafield>
  <datafield tag="510" ind1="1" ind2=" ">
   <subfield code="a">Reinventing business models</subfield>
   <subfield code="e">how firms cope with disruption</subfield>
   <subfield code="z">eng</subfield>
  </datafield>
  <datafield tag="606" ind1="0" ind2=" ">
   <subfield code="a">企业管理</subfield>
   <subfield code="x">商业模式</subfield>
   <subfield code="x">研究</subfield>
  </datafield>
  <datafield tag="690" ind1=" " ind2=" ">
   <subfield code="a">F272</subfield>
   <subfield code="v">5</subfield>
  </datafield>
  <datafield tag="701" ind1=" " ind2="0">
   <subfield code="c">(荷)</subfield>
   <subfield code="a">沃尔伯达</subfield>
   <subfield code="9">wo er bo da</subfield>
   <subfield code="c">(Volberda, Henk)</subfield>
   <subfield code="4">著</subfield>
  </datafield>
  <datafield tag="701" ind1=" " ind2="0">
   <subfield code="c">(荷)</subfield>
   <subfield code="a">范登博斯</subfield>
   <subfield code="9">fan deng bo si</subfield>
   <subfield code="c">(Bosch, Frans van den)</subfield>
   <subfield code="4">著</subfield>
  </datafield>
  <datafield tag="701" ind1=" " ind2="0">
   <subfield code="c">(荷)</subfield>
   <subfield code="a">凯伊</subfield>
   <subfield code="9">kai yi</subfield>
   <subfield code="c">(Heij, Kevin)</subfield>
   <subfield code="4">著</subfield>
  </datafield>
  <datafield tag="702" ind1=" " ind2="0">
   <subfield code="a">钟心仪</subfield>
   <subfield code="9">zhong xin yi</subfield>
   <subfield code="4">译</subfield>
  </datafield>
  <datafield tag="702" ind1=" " ind2="0">
   <subfield code="a">王静</subfield>
   <subfield code="9">wang jing</subfield>
   <subfield code="4">译</subfield>
  </datafield>
  <datafield tag="702" ind1=" " ind2="0">
   <subfield code="a">唐旭</subfield>
   <subfield code="9">tang xu</subfield>
   <subfield code="4">译</subfield>
  </datafield>
  <datafield tag="999" ind1="f" ind2="f">
   <subfield code="s">88865936-a6c0-44db-acc6-2bc9aa8d8508</subfield>
   <subfield code="i">47ecf281-44b3-4d75-86c5-be83662bc585</subfield>
  </datafield>
 </record>
</collection>
